| 000 | 00407nam a2200181Ia 4500 | ||
|---|---|---|---|
| 005 | 20240909033436.0 | ||
| 008 | 240331s9999 xx 000 0 und d | ||
| 020 | _a0415110513 | ||
| 082 |
_bHAM _a700 |
||
| 100 | _aHamilton, P | ||
| 245 | 0 | _aHistoricism | |
| 260 |
_aLondon _bRoutledge _c1996 |
||
| 300 | _avi, 226 p ., | ||
| 650 | _aHistory | ||
| 650 | _aFeminism | ||
| 650 | _aTerminology | ||
| 942 | _cL | ||
| 999 |
_c3052 _d3052 |
||